00846nam a2200217 a 450000100100000000500170001000800410002702000150006804000250008310000270010824000400013524501090017526000490028430000210033350000210035450000700037550400320044570000290047795201050050699900170061100003653220200930075802.0120119s1980 mx 000 0 spa d a9684350279 aDO-SdBNPbspacBNPHU1 aSatir, Virginia96278510aConjoint family therapy.lespañol10aPsicoterapía familiar conjunta :bguía teórica y práctica /cVirginia Satir; Leopoldo Chagoya ;. aMéxico :bPrensa Médica Mexicana,c1980. a233 p. ;c23 cm. aIncluye índice aIncluye referencias bibliográficas y notas al pie las páginas aBibliografía : p. 213-22912aChagoya, Leopoldo962786 001050718MOaGRbGRcCTd2012-01-19iLF1l0o p36532-10r2020-06-25w2020-06-25y1ZNo se presta c36023d36023